000 00863cam a2200229 a 4500
001 000019126
003 DO-SdBNP
005 20241010115736.0
008 500101s1954 sp b 001 0 spa d
040 _aDO-SdBNP
_bspa
_cBNPHU
082 _axxxx
_bP453c
100 1 _aPerpiñá Grau, Román.
_941148
245 1 0 _aCronología :
_bteoría estructural y estructurante de la población de España (1900-1950).
260 _aMadrid,
_c1954.
300 _a210 p. :
_bmapas. ;
_c23 cm.
490 1 _aConsejo Superior de Investigaciones Científicas.Instituto de Economía Sancho de Moncada.
_vn. 10
500 _aIncluye índice.
504 _aIncluye referencias bibliográficas y notas al pie de las páginas.
830 0 _aInstituto "Sancho de Moncada.¨
_pTeoría económica ;
_vno. 10
_941149
910 _aCatalogación derivada /Oxford
942 _2ddc
_cLBS1
999 _c18644
_d18644